| 000 | 00471cam a2200193 4500 | ||
|---|---|---|---|
| 008 | 090401t1984 xxu||||| |||| 00| 0 eng d | ||
| 020 | _a0105450847 | ||
| 035 | _a(Sirsi) u45736 | ||
| 041 | _aeng | ||
| 110 |
_aUnited Kingdom _kLaws, etc _95044 |
||
| 245 | _aHousing Defects Act 1984 | ||
| 260 |
_aLondon _bHMSO _c1984 |
||
| 300 | _a49p. ; 24cm | ||
| 350 | _a4.5 | ||
| 650 | _aHOUSING DEFECTS ACT 1984 | ||
| 650 | _aPRC HOUSES | ||
| 942 | _n0 | ||
| 948 | _c04/03/1997 | ||
| 999 |
_c91816 _d91816 |
||